Southville International School and Colleges
Your cart is empty.
  • Cart
  • Lists
    Public lists Eva Luna New books Lux_list list_1
    Your lists Log in to create your own lists
  • Log in to your account
  • Your cookies
  • Search history
Southville International School and Colleges
  • Advanced search
  • Recent comments
  • Most popular
  • Libraries

Log in to your account

Log in with GOOGLE


If you do not have an external account, but do have a local account, you can still log in:

  1. Home
  2. MARC view: The regional structure of the Canadian economy /
Normal view MARC view ISBD view

The regional structure of the Canadian economy / (Record no. 8939)

[ view plain ]
MARC details
000 -LEADER
fixed length control field 00606nam a22002057a 4500
003 - CONTROL NUMBER IDENTIFIER
control field SISC
005 - DATE AND TIME OF LATEST TRANSACTION
control field 20160406124750.0
008 - FIXED-LENGTH DATA ELEMENTS--GENERAL INFORMATION
fixed length control field 130822t xxu||||| |||| 00| 0 eng d
020 ## - INTERNATIONAL STANDARD BOOK NUMBER
International Standard Book Number 0458973300
050 ## - LIBRARY OF CONGRESS CALL NUMBER
Classification number HC 115
Item number .Si57 1984
082 ## - DEWEY DECIMAL CLASSIFICATION NUMBER
Classification number HS 338.971
Item number Si8 1984
100 ## - MAIN ENTRY--PERSONAL NAME
Personal name Sitwell, O.F.G.
9 (RLIN) 11897
245 ## - TITLE STATEMENT
Title The regional structure of the Canadian economy /
Statement of responsibility, etc O.F.G. Sitwell
260 ## - PUBLICATION, DISTRIBUTION, ETC. (IMPRINT)
Place of publication, distribution, etc Toronto :
Name of publisher, distributor, etc Methuen,
Date of publication, distribution, etc c1984.
300 ## - PHYSICAL DESCRIPTION
Extent 192 p. :
Other physical details ill. ;
Dimensions 23 cm.
650 ## - SUBJECT ADDED ENTRY--TOPICAL TERM
Topical term or geographic name as entry element Regional disparity
General subdivision Canada
9 (RLIN) 11898
650 ## - SUBJECT ADDED ENTRY--TOPICAL TERM
Topical term or geographic name as entry element Canada
General subdivision economic policy
9 (RLIN) 11899
942 ## - ADDED ENTRY ELEMENTS (KOHA)
Source of classification or shelving scheme Library of Congress Classification
Koha item type Books
Holdings
Withdrawn status Lost status Source of classification or shelving scheme Damaged status Home library Current library Shelving location Date acquired Total Checkouts Full call number Barcode Date last seen Copy number Price effective from Koha item type
    Library of Congress Classification   Luxembourg Library Luxembourg Library High School Section 08/22/2013   HC 115 .Si57 1984 9628 04/06/2016 1 08/22/2013 Books

The regional structure of the Canadian economy /

APA

Sitwell O., . (1984). The regional structure of the Canadian economy. Toronto: Methuen.

Chicago

Sitwell O.F.G, . 1984. The regional structure of the Canadian economy. Toronto: Methuen.

Harvard

Sitwell O., . (1984). The regional structure of the Canadian economy. Toronto: Methuen.

MLA

Sitwell O.F.G, . The regional structure of the Canadian economy. Toronto: Methuen. 1984.

  • Place hold
  • Print
  • Cite
  • Add to your cart (remove)
  • Save record
    BIBTEX Dublin Core MARCXML MARC (non-Unicode/MARC-8) MARC (Unicode/UTF-8) MARC (Unicode/UTF-8, Standard) MODS (XML) RIS
  • More searches
    Search for this title in:
    Other Libraries (WorldCat) Other Databases (Google Scholar) Online Stores (Bookfinder.com) Open Library (openlibrary.org)

Exporting to Dublin Core...

SOUTHVILLE LIBRARY

Southville International School and Colleges Library

1281 Tropical Ave. Cor. Luxembourg St., BF Homes International, Las Pinas City

Tel. No. 8256374 / 252358 Loc. 117/146

Powered by Koha